书目信息 |
| 题名: |
体育运动的生物化学知识
|
|
| 作者: | 冯炜权 编著 | |
| 分册: | ||
| 出版信息: | 北京 人民体育出版社 1980 |
|
| 页数: | 109页 | |
| 开本: | 19cm | |
| 丛书名: | ||
| 单 册: | ||
| 中图分类: | G804.7 | |
| 科图分类: | ||
| 主题词: | 运动生物化学 | |
| 电子资源: | ||
| ISBN: | ||
| 000 | 00599nam0 2200217 45 | |
| 001 | 0180007039 | |
| 005 | 20060816162614.59 | |
| 010 | @dCNY0.32 | |
| 091 | @a7015.1910 | |
| 100 | @a19960215d1980 em y0chiy0121 ea | |
| 101 | 0 | @achi |
| 102 | @aCN@b110000 | |
| 105 | @ay z 000yy | |
| 200 | 10 | @a体育运动的生物化学知识@Ati yu yun dong de sheng wu hua xue zhi shi@f冯炜权编著 |
| 210 | @a北京@c人民体育出版社@d1980 | |
| 215 | @a109页@d19cm | |
| 606 | @a运动生物化学 | |
| 690 | @aG804.7@v3 | |
| 701 | 0 | @a冯炜权@Afeng wei quan@4编著 |
| 801 | 0 | @aCN@bNLC@c20060816 |
| 905 | @f3@b63470-472@dG804.7@e15 | |
| 体育运动的生物化学知识/冯炜权编著.-北京:人民体育出版社,1980 |
| 109页;19cm |
| ISBN :CNY0.32 |
| ● |
| 相关链接 |
|
|
|
|
正题名:体育运动的生物化学知识
索取号:G804.7/15
 
预约/预借
| 序号 | 登录号 | 条形码 | 馆藏地/架位号 | 状态 | 备注 |
| 1 | 0063470 | 000998530 | 第一样本阅览室/ [索取号:G804.7/15] | 在馆 | |
| 2 | 0063471 | 000998601 | 密集书库/ [索取号:G804.7/15] | 在馆 | |
| 3 | 0063472 | 000998594 | 密集书库/ [索取号:G804.7/15] | 在馆 | |
| 4 | 0442142 | 204421429 | 密集书库/ [索取号:G804.7/15] | 在馆 | |
| 5 | 0442143 | 204421438 | 密集书库/ [索取号:G804.7/15] | 在馆 | |
| 6 | 0465019 | 204650190 | 密集书库/ [索取号:G804.7/15] | 在馆 |